[Event "Yuzhny op"]
[Site "Yuzhny"]
[Date "2011.09.05"]
[Round "4"]
[White "Zaichuk, Vitaliy"]
[Black "Kovalchuk, Alexey"]
[Result "1/2-1/2"]
[WhiteElo "2005"]
[BlackElo "2191"]
[PlyCount "76"]
[EventDate "2011.09.03"]
[EventType "swiss"]
[EventRounds "9"]
[EventCountry "UKR"]
[SourceTitle "CBM 144 Extra"]
[Source "ChessBase"]
[SourceDate "2011.10.28"]
[SourceVersion "1"]
[SourceVersionDate "2011.10.28"]
[SourceQuality "1"]

1. Nf3 Nf6 2. c4 g6 3. b3 Bg7 4. Bb2 0-0 5. g3 d5 6. cxd5 Nxd5 7. Bxg7 Kxg7 8. Bg2 Nc6 9. 0-0 e5 10. Nc3 Nb6 11. b4 Nxb4 12. Nxe5 Re8 13. d4 f6 14. Nf3 N4d5 15. Nxd5 Nxd5 16. e3 c6 17. Qb3 Re7 18. a4 Be6 19. Qb2 a5 20. Nd2 Nb4 21. Qc3 Rc8 22. Rfd1 b6 23. e4 Rd7 24. Nc4 Bxc4 25. Qxc4 Qg8 26. Qc3 Rcd8 27. Rd2 Qe8 28. Rad1 Re7 29. h4 h5 30. Kh2 Qf7 31. e5 Qe6 32. Bh3 f5 33. f4 Nd5 34. Qa3 Red7 35. Bg2 Nb4 36. Qc3 Nd5 37. Qa3 Nb4 38. Qc3 Nd5 1/2-1/2

[Event "Geller Memorial op-B 7th"]
[Site "Odessa"]
[Date "2011.08.28"]
[Round "9"]
[White "Vladichenko, Anatoly"]
[Black "Zaichuk, Vitaliy"]
[Result "0-1"]
[WhiteElo "1793"]
[BlackElo "2005"]
[PlyCount "92"]
[EventDate "2011.08.20"]
[EventType "swiss"]
[EventRounds "9"]
[EventCountry "UKR"]
[SourceTitle "EXT 2014"]
[Source "ChessBase"]
[SourceDate "2013.11.20"]
[SourceVersion "1"]
[SourceVersionDate "2013.11.20"]
[SourceQuality "1"]

1. Nf3 f5 2. d3 Nf6 3. g3 g6 4. Bg2 Bg7 5. Nbd2 0-0 6. a4 Nc6 7. 0-0 d5 8. c4 e5 9. cxd5 Nxd5 10. Nc4 Kh8 11. Bg5 Qd7 12. Qb3 h6 13. Bd2 Nde7 14. Bc3 Nd4 15. Nxd4 exd4 16. Bd2 c6 17. Bf4 Qe6 18. Qc2 Nd5 19. Bd2 Bd7 20. e4 dxe3 21. Nxe3 Rac8 22. Rfe1 Qf7 23. Re2 Rfe8 24. Rae1 Nxe3 25. Bxe3 b6 26. Qd2 Kh7 27. b4 Be6 28. Rc1 Bd5 29. a5 Bxg2 30. Kxg2 Qd5+ 31. Kg1 Qb5 32. Rc4 Rcd8 33. Qc2 Rd6 34. Rd2 Rde6 35. Re2 Qd5 36. h4 g5 37. hxg5 hxg5 38. Rd2 Rh6 39. Re4 fxe4 40. dxe4 Qxe4 41. Qxe4+ Rxe4 42. Bxg5 Rg6 43. Be3 Rxb4 44. axb6 axb6 45. Rd7 Re6 46. Bg5 Rb2 0-1

[Event "Geller Memorial op-B 7th"]
[Site "Odessa"]
[Date "2011.08.25"]
[Round "6"]
[White "Pampushka, Nikita"]
[Black "Zaichuk, Vitaliy"]
[Result "1-0"]
[WhiteElo "1945"]
[BlackElo "2005"]
[PlyCount "75"]
[EventDate "2011.08.20"]
[EventType "swiss"]
[EventRounds "9"]
[EventCountry "UKR"]
[SourceTitle "EXT 2014"]
[Source "ChessBase"]
[SourceDate "2013.11.20"]
[SourceVersion "1"]
[SourceVersionDate "2013.11.20"]
[SourceQuality "1"]

1. e4 d6 2. d4 Nf6 3. Nc3 g6 4. f4 Bg7 5. Nf3 c5 6. Bb5+ Bd7 7. e5 cxd4 8. exf6 Bxb5 9. fxg7 Rg8 10. Nxd4 Bd7 11. 0-0 Qb6 12. Kh1 Nc6 13. Nxc6 Bxc6 14. Nd5 Qa5 15. c4 Rxg7 16. Qe1 Qd8 17. Nf6+ Kf8 18. Nd5 e6 19. Nc3 h5 20. Ne2 Qf6 21. Bd2 Rh7 22. Bc3 Qe7 23. Nd4 Bd7 24. Nf3 f6 25. Nh4 Be8 26. Qd2 Rd8 27. Rae1 Bf7 28. f5 gxf5 29. Nxf5 Qc7 30. Nh4 f5 31. Nf3 e5 32. Ng5 Rg7 33. Rxf5 Re8 34. Ref1 Re7 35. Nxf7 Rexf7 36. Bb4 Qxc4 37. Qxd6+ Kg8 38. Qd8+ 1-0

[Event "UKR-ch sf"]
[Site "Alushta"]
[Date "2011.05.10"]
[Round "8"]
[White "Zaichuk, Vitaliy"]
[Black "Kotliar, Alexey"]
[Result "1-0"]
[WhiteElo "2020"]
[BlackElo "1930"]
[PlyCount "99"]
[EventDate "2011.05.03"]
[EventType "swiss"]
[EventRounds "9"]
[EventCountry "UKR"]
[SourceTitle "CBM 142 Extra"]
[Source "ChessBase"]
[SourceDate "2011.06.27"]
[SourceVersion "1"]
[SourceVersionDate "2011.06.27"]
[SourceQuality "1"]

1. Nf3 Nf6 2. c4 c6 3. g3 d5 4. Bg2 Bf5 5. cxd5 cxd5 6. Qb3 Qc8 7. Nc3 e6 8. d3 Nc6 9. Bf4 Bb4 10. 0-0 0-0 11. Rac1 Bxc3 12. Rxc3 Qd7 13. Rfc1 Ne8 14. Qa4 e5 15. Bd2 f6 16. b4 Bg4 17. b5 Ne7 18. R3c2 h5 19. Bb4 Rf7 20. Bc5 Nc8 21. Qb3 Be6 22. a4 b6 23. Ba3 Ncd6 24. Nd2 Nf5 25. Bb2 Rd8 26. Rc6 Ne7 27. R6c2 h4 28. Qb4 hxg3 29. hxg3 g5 30. a5 Rh7 31. Ba3 Bh3 32. Bf3 Bg4 33. Qxg4 f5 34. Qxg5+ Rg7 35. Qe3 Qe6 36. Nf1 f4 37. Qd2 Nf5 38. Rc6 Qf7 39. Bg2 fxg3 40. Nxg3 Nd4 41. axb6 Nxc6 42. Rxc6 axb6 43. Rxb6 Nf6 44. Nf5 Ng4 45. Nh6+ Nxh6 46. Qxh6 Ra8 47. Rf6 Qd7 48. Rg6 Rxg6 49. Qxg6+ Qg7 50. Bxd5+ 1-0

[Event "UKR-ch sf"]
[Site "Alushta"]
[Date "2011.05.04"]
[Round "2"]
[White "Onikienko, Vitaly"]
[Black "Zaichuk, Vitaliy"]
[Result "1-0"]
[WhiteElo "2205"]
[BlackElo "2020"]
[PlyCount "79"]
[EventDate "2011.05.03"]
[EventType "swiss"]
[EventRounds "9"]
[EventCountry "UKR"]
[SourceTitle "CBM 142 Extra"]
[Source "ChessBase"]
[SourceDate "2011.06.27"]
[SourceVersion "1"]
[SourceVersionDate "2011.06.27"]
[SourceQuality "1"]

1. Nf3 f5 2. d4 Nf6 3. g3 g6 4. Bg2 Bg7 5. 0-0 0-0 6. c4 d6 7. Nc3 c6 8. Rb1 Qc7 9. d5 e5 10. dxe6 Bxe6 11. b3 Na6 12. Ng5 Qe7 13. Ba3 Rad8 14. Qc2 Ng4 15. Nxe6 Qxe6 16. h3 Ne3 17. fxe3 Qxe3+ 18. Kh2 Qxc3 19. Qxc3 Bxc3 20. b4 Rfe8 21. Rb3 Bg7 22. Bf3 Nc7 23. b5 cxb5 24. cxb5 b6 25. Rd1 d5 26. Bc1 d4 27. e3 Ne6 28. Bc6 Re7 29. exd4 Nxd4 30. Bg5 Re2+ 31. Kh1 Rf8 32. Ra3 a5 33. Re3 Rc2 34. Bd5+ Kh8 35. a4 Rfc8 36. Rde1 Rf8 37. Be7 Rfc8 38. Ba3 Bf6 39. Re8+ Rxe8 40. Rxe8+ 1-0

[Event "UKR-ch sf"]
[Site "Alushta"]
[Date "2011.05.03"]
[Round "1"]
[White "Zaichuk, Vitaliy"]
[Black "Kucherenko, Daniil"]
[Result "0-1"]
[WhiteElo "2020"]
[BlackElo "2364"]
[PlyCount "66"]
[EventDate "2011.05.03"]
[EventType "swiss"]
[EventRounds "9"]
[EventCountry "UKR"]
[SourceTitle "CBM 142 Extra"]
[Source "ChessBase"]
[SourceDate "2011.06.27"]
[SourceVersion "1"]
[SourceVersionDate "2011.06.27"]
[SourceQuality "1"]

1. e4 c5 2. c3 d6 3. d4 Nf6 4. Bd3 g6 5. f3 Nc6 6. Ne2 Bg7 7. Be3 0-0 8. Na3 cxd4 9. cxd4 Nb4 10. Bb1 Bd7 11. Qd2 a5 12. Nc2 Nc6 13. 0-0 d5 14. Nc3 dxe4 15. fxe4 Ng4 16. e5 Bf5 17. Rxf5 gxf5 18. Bf4 Qb6 19. Ne3 Qxd4 20. Qxd4 Nxd4 21. Nxg4 fxg4 22. Be4 Rad8 23. Kf2 Ne6 24. Bg3 Rd2+ 25. Ke1 Rxb2 26. Rb1 Rxb1+ 27. Bxb1 Rc8 28. Kd2 Rc5 29. Be4 Bxe5 30. Bxe5 Rxe5 31. Bxb7 Nc5 32. Bc6 e6 33. g3 Kf8 0-1

[Event "Geller Memorial op-B1 6th"]
[Site "Odessa"]
[Date "2010.08.26"]
[Round "6"]
[White "Lysenko, Alexandr"]
[Black "Zaichuk, Vitaliy"]
[Result "0-1"]
[WhiteElo "2024"]
[BlackElo "2017"]
[PlyCount "116"]
[EventDate "2010.08.21"]
[EventType "swiss"]
[EventRounds "9"]
[EventCountry "UKR"]
[SourceTitle "EXT 2012"]
[Source "ChessBase"]
[SourceDate "2011.11.24"]
[SourceVersion "1"]
[SourceVersionDate "2011.11.24"]
[SourceQuality "1"]

1. e4 c5 2. Nf3 d6 3. c3 Nf6 4. Bc4 e6 5. Qe2 Be7 6. 0-0 0-0 7. d4 Nxe4 8. Qxe4 d5 9. Qe2 dxc4 10. Qxc4 b6 11. Bf4 Ba6 12. Qa4 Bxf1 13. Kxf1 Nd7 14. Nbd2 cxd4 15. cxd4 Nf6 16. Ne5 b5 17. Qxb5 Qxd4 18. Be3 Qd5 19. Qxd5 Nxd5 20. Bd4 Rfc8 21. Nec4 f6 22. b3 e5 23. Bb2 Bb4 24. Ne4 Nb6 25. Ne3 a5 26. a4 Kf7 27. h3 Ke6 28. Rb1 h6 29. Ng3 g6 30. Ne2 f5 31. g3 Rab8 32. f4 Bd2 33. Ng2 e4 34. Be5 Rb7 35. Nd4+ Ke7 36. Ke2 Bc3 37. Rd1 Nd7 38. Nb5 Bxe5 39. fxe5 Rc2+ 40. Kf1 Nxe5 41. Ne3 Rb2 42. Nd5+ Kf8 43. Rd4 Rd7 44. Nbc7 Rxb3 45. Ne6+ Kf7 46. Nc5 Rb1+ 47. Kg2 Ra7 48. Nf4 Rb2+ 49. Kf1 Rc7 50. Nfe6 e3 51. Rf4 Re7 52. Nd4 Rc7 53. Nde6 Rc8 54. g4 Kf6 55. Ke1 Rc6 56. gxf5 gxf5 57. Kd1 Rxe6 58. Nxe6 Kxe6 0-1

[Event "Geller Memorial op-B1 6th"]
[Site "Odessa"]
[Date "2010.08.25"]
[Round "5"]
[White "Zaichuk, Vitaliy"]
[Black "Reshetkov, Kirill"]
[Result "0-1"]
[WhiteElo "2017"]
[BlackElo "2135"]
[PlyCount "42"]
[EventDate "2010.08.21"]
[EventType "swiss"]
[EventRounds "9"]
[EventCountry "UKR"]
[SourceTitle "EXT 2012"]
[Source "ChessBase"]
[SourceDate "2011.11.24"]
[SourceVersion "1"]
[SourceVersionDate "2011.11.24"]
[SourceQuality "1"]

1. Nf3 d5 2. c4 d4 3. b4 f6 4. e3 e5 5. Qb3 a5 6. b5 dxe3 7. fxe3 e4 8. Nd4 Bc5 9. Bb2 Nh6 10. Qc2 f5 11. Nb3 Bd6 12. g3 Qg5 13. Be2 a4 14. Nd4 a3 15. Bc3 Qe7 16. Nb3 Nd7 17. Bd4 b6 18. Nc3 Bb7 19. Bh5+ Nf7 20. Bxg7 Rg8 21. Be2 Rxg7 0-1

[Event "Geller Memorial op-B1 6th"]
[Site "Odessa"]
[Date "2010.08.22"]
[Round "2"]
[White "Savchenko, Alexandr"]
[Black "Zaichuk, Vitaliy"]
[Result "1-0"]
[WhiteElo "2246"]
[BlackElo "2017"]
[PlyCount "87"]
[EventDate "2010.08.21"]
[EventType "swiss"]
[EventRounds "9"]
[EventCountry "UKR"]
[SourceTitle "EXT 2012"]
[Source "ChessBase"]
[SourceDate "2011.11.24"]
[SourceVersion "1"]
[SourceVersionDate "2011.11.24"]
[SourceQuality "1"]

1. d4 f5 2. Nf3 g6 3. g3 Nf6 4. Bg2 Bg7 5. 0-0 0-0 6. c4 d6 7. b3 e5 8. dxe5 dxe5 9. Ba3 Re8 10. Nc3 e4 11. Nd4 c6 12. e3 Nbd7 13. Qc2 Ne5 14. Nce2 Nd3 15. Nf4 Qa5 16. Bd6 Qd8 17. c5 Nb4 18. Qc4+ Nbd5 19. a4 a5 20. Rad1 g5 21. Nxd5 Nxd5 22. Rd2 Qf6 23. Kh1 Kh8 24. Qe2 Qg6 25. Rg1 Qh6 26. Re1 Bd7 27. Rg1 f4 28. gxf4 gxf4 29. Bxf4 Nxf4 30. exf4 Qxf4 31. Qe3 Qh4 32. Qg3 Qh6 33. Qe3 Qh5 34. Bxe4 Bg4 35. f3 Bh6 36. f4 Rad8 37. Nf5 Qxf5 38. Rxd8 Qe6 39. Rxg4 Bg7 40. Rxe8+ Qxe8 41. Rh4 h6 42. Rg4 Qd7 43. Bf3 Qf5 44. Rg1 1-0

[Event "UKR-ch"]
[Site "Alushta"]
[Date "2010.05.07"]
[Round "5"]
[White "Zaichuk, Vitaliy"]
[Black "Stolpovsky, Sergei"]
[Result "1/2-1/2"]
[WhiteElo "2007"]
[BlackElo "2191"]
[PlyCount "54"]
[EventDate "2010.05.03"]
[EventType "swiss"]
[EventRounds "9"]
[EventCountry "UKR"]
[SourceTitle "CBM 136 Extra"]
[Source "ChessBase"]
[SourceDate "2010.07.02"]
[SourceVersion "2"]
[SourceVersionDate "2010.07.15"]
[SourceQuality "1"]

1. Nf3 Nf6 2. g3 g6 3. b3 Bg7 4. Bb2 0-0 5. Bg2 d5 6. 0-0 Bf5 7. c4 c6 8. d3 Nbd7 9. Nbd2 Re8 10. Qc2 Rc8 11. Rfe1 e5 12. e4 dxe4 13. Nxe4 Nxe4 14. dxe4 Bg4 15. h3 Bxf3 16. Bxf3 Nc5 17. Bg4 Rc7 18. Rad1 Qg5 19. Bc1 Qf6 20. h4 Qe7 21. Be3 b6 22. b4 Ne6 23. Bxe6 Qxe6 24. Kg2 h5 25. a4 Bf6 26. c5 bxc5 27. Bxc5 Rd8 1/2-1/2

[Event "Geller Memorial op-A 5th"]
[Site "Odessa"]
[Date "2009.08.22"]
[Round "3"]
[White "Zaichuk, Vitaliy"]
[Black "Kalinin, Alexander"]
[Result "1-0"]
[WhiteElo "2023"]
[BlackElo "2459"]
[PlyCount "113"]
[EventDate "2009.08.20"]
[EventType "swiss"]
[EventRounds "9"]
[EventCountry "UKR"]
[SourceTitle "CBM 132 Extra"]
[Source "ChessBase"]
[SourceDate "2009.11.03"]
[SourceVersion "1"]
[SourceVersionDate "2009.11.03"]
[SourceQuality "1"]

1. d4 Nf6 2. c4 g6 3. f3 Bg7 4. e4 d6 5. Nc3 0-0 6. Be3 Nbd7 7. Nh3 c6 8. Nf2 Re8 9. Qd2 a6 10. Bd3 b5 11. cxb5 axb5 12. b4 Nb6 13. 0-0 Be6 14. d5 cxd5 15. Bxb5 Nc4 16. Bxc4 dxc4 17. Bd4 Qb8 18. b5 Bd7 19. a4 Nh5 20. Bxg7 Nxg7 21. Qd4 Qc8 22. Nd5 Ne6 23. Qc3 Qc5 24. Rfd1 Nc7 25. Ne3 Be6 26. Kf1 d5 27. exd5 Nxd5 28. Nxd5 Bxd5 29. Qe5 Red8 30. Ne4 f6 31. Nxc5 fxe5 32. Ne4 e6 33. Nc3 Ra5 34. Rab1 Kf7 35. Ke2 Ke7 36. Ke3 h6 37. Rd2 Kd6 38. g3 Kc7 39. f4 exf4+ 40. gxf4 Rf8 41. Rg1 g5 42. fxg5 hxg5 43. Rf2 Rg8 44. Kd4 Kd6 45. Rf6 Ke7 46. Rgf1 g4 47. Rf7+ Kd8 48. Rf8+ Rxf8 49. Rxf8+ Kd7 50. Kc5 Ra8 51. Rf7+ Ke8 52. Rg7 Rc8+ 53. Kb4 Bf3 54. a5 Kf8 55. Rh7 Kg8 56. Rd7 e5 57. a6 1-0

[Event "UKR-ch"]
[Site "Alushta"]
[Date "2009.05.19"]
[Round "9"]
[White "Zaichuk, Vitaliy"]
[Black "Borzov, Dmitri"]
[Result "0-1"]
[WhiteElo "2038"]
[BlackElo "2209"]
[PlyCount "90"]
[EventDate "2009.05.11"]
[EventType "swiss"]
[EventRounds "9"]
[EventCountry "UKR"]
[SourceTitle "CBM 130 Extra"]
[Source "ChessBase"]
[SourceDate "2009.07.02"]
[SourceVersion "2"]
[SourceVersionDate "2009.07.15"]
[SourceQuality "1"]

1. e4 d6 2. d4 Nf6 3. Nc3 g6 4. f4 Bg7 5. Nf3 0-0 6. Bd3 Na6 7. 0-0 c5 8. d5 Rb8 9. f5 Nc7 10. fxg6 hxg6 11. Qe1 b5 12. Qh4 Re8 13. Bh6 Bh8 14. Ng5 e6 15. dxe6 Bxe6 16. Nxe6 Rxe6 17. Bg5 c4 18. Be2 Nce8 19. Nd5 Rxe4 20. Qf2 Re5 21. Nxf6+ Bxf6 22. Bxf6 Nxf6 23. Rae1 Kg7 24. Qxa7 Ra8 25. Qd4 Rxa2 26. g4 Qe7 27. h4 Re4 28. Qc3 Qe5 29. g5 Qxc3 30. bxc3 Nd7 31. h5 gxh5 32. Bxh5 Rxe1 33. Rxe1 Rxc2 34. Re3 Ne5 35. Rg3 Rd2 36. Kf1 Rh2 37. Be2 Kg6 38. Bd1 Rd2 39. Ke1 Rb2 40. Be2 b4 41. cxb4 Rxb4 42. Bd1 Rb2 43. Be2 d5 44. Re3 Kf5 45. Bf3 d4 0-1

[Event "Geller Memorial op-A 4th"]
[Site "Odessa"]
[Date "2008.09.15"]
[Round "7"]
[White "Zaichuk, Vitaliy"]
[Black "Varchenko, Grigory"]
[Result "1-0"]
[WhiteElo "1953"]
[BlackElo "2162"]
[PlyCount "79"]
[EventDate "2008.09.09"]
[EventType "swiss"]
[EventRounds "9"]
[EventCountry "UKR"]
[SourceTitle "CBM 126 Extra"]
[Source "ChessBase"]
[SourceDate "2008.11.05"]
[SourceVersion "1"]
[SourceVersionDate "2008.11.05"]
[SourceQuality "1"]

1. e4 c5 2. Nf3 a6 3. c3 d6 4. d4 Nd7 5. Be2 g6 6. 0-0 Bg7 7. h3 Ngf6 8. Qd3 0-0 9. Be3 b6 10. Nfd2 Bb7 11. f4 Qc7 12. f5 Rac8 13. a4 cxd4 14. cxd4 Qc2 15. Na3 Qxd3 16. Bxd3 Rc7 17. g4 Rfc8 18. g5 Ne8 19. h4 e6 20. f6 Bf8 21. Kf2 e5 22. d5 Nc5 23. Bc2 h5 24. b4 Nd7 25. Bd3 Rc3 26. Ke2 a5 27. Nb5 axb4 28. Nxc3 bxc3 29. Nc4 Nc5 30. Bxc5 bxc5 31. Nb6 Rb8 32. Rab1 Bc8 33. Nxc8 Rxc8 34. a5 c4 35. Bc2 Ra8 36. Ra1 Nc7 37. Rfb1 Na6 38. Rb6 Nc5 39. a6 Ra7 40. Ra3 1-0

[Event "Geller Memorial op-A 4th"]
[Site "Odessa"]
[Date "2008.09.14"]
[Round "6"]
[White "Zaichuk, Vitaliy"]
[Black "Romcovici, Victor"]
[Result "0-1"]
[WhiteElo "1953"]
[BlackElo "2222"]
[PlyCount "72"]
[EventDate "2008.09.09"]
[EventType "swiss"]
[EventRounds "9"]
[EventCountry "UKR"]
[SourceTitle "CBM 126 Extra"]
[Source "ChessBase"]
[SourceDate "2008.11.05"]
[SourceVersion "1"]
[SourceVersionDate "2008.11.05"]
[SourceQuality "1"]

1. e4 Nc6 2. Nf3 e5 3. Bb5 Bc5 4. 0-0 Qf6 5. c3 h6 6. d4 Bd6 7. Be3 Nge7 8. Qe2 0-0 9. Nbd2 a6 10. Ba4 b5 11. Bb3 Ng6 12. dxe5 Ngxe5 13. Nxe5 Qxe5 14. f4 Qe7 15. Qf2 Qd8 16. e5 Be7 17. Bd5 Rb8 18. Ne4 Bb7 19. Rad1 Kh8 20. Qg3 f5 21. exf6 Bxf6 22. Nc5 Qe7 23. Be4 Nd4 24. Bb1 Ne2+ 25. Kf2 Nxg3 26. hxg3 d6 27. Nb3 Rbe8 28. Rfe1 Qf7 29. Nd2 Qh5 30. Rh1 Qg4 31. Bd3 Rxe3 32. Kxe3 Qxg3+ 33. Nf3 Re8+ 34. Kd2 Qxg2+ 35. Kc1 Qxf3 36. Rhf1 Qe3+ 0-1

[Event "Kiev Independence Cup-A 8th"]
[Site "Kiev"]
[Date "2008.08.16"]
[Round "4"]
[White "Kovaliova, Valeria"]
[Black "Zaichuk, Vitaliy"]
[Result "0-1"]
[WhiteElo "2055"]
[BlackElo "1953"]
[PlyCount "72"]
[EventDate "2008.08.13"]
[EventType "swiss"]
[EventRounds "11"]
[EventCountry "UKR"]
[SourceTitle "CBM 126 Extra"]
[Source "ChessBase"]
[SourceDate "2008.11.05"]
[SourceVersion "1"]
[SourceVersionDate "2008.11.05"]
[SourceQuality "1"]

1. d4 g6 2. c4 Bg7 3. Nc3 d6 4. e4 Nc6 5. Be3 e5 6. d5 Nd4 7. Nge2 Nxe2 8. Bxe2 f5 9. exf5 Bxf5 10. Bd3 Nf6 11. 0-0 0-0 12. f3 a6 13. Rc1 Qe7 14. Ne4 Bxe4 15. fxe4 b6 16. b4 Nd7 17. Rxf8+ Bxf8 18. Qa4 Qd8 19. Qb3 a5 20. a3 axb4 21. axb4 Qh4 22. Rf1 Bh6 23. Bf2 Qg5 24. Qc2 Qd2 25. Qb3 Ra2 26. Bb1 Rb2 27. Qh3 Nf8 28. b5 Bf4 29. Qf3 Qe2 30. Qh3 Qxc4 31. Bd3 Qb3 32. Be1 Qa3 33. Rf3 Qa1 34. Rf1 Rb3 35. Bb4 Qd4+ 36. Kh1 Rxd3 0-1

[Event "Kiev Independence Cup-A 8th"]
[Site "Kiev"]
[Date "2008.08.14"]
[Round "2"]
[White "Kernazhitsky, Leonid"]
[Black "Zaichuk, Vitaliy"]
[Result "1-0"]
[WhiteElo "2349"]
[BlackElo "1953"]
[PlyCount "47"]
[EventDate "2008.08.13"]
[EventType "swiss"]
[EventRounds "11"]
[EventCountry "UKR"]
[SourceTitle "CBM 126 Extra"]
[Source "ChessBase"]
[SourceDate "2008.11.05"]
[SourceVersion "1"]
[SourceVersionDate "2008.11.05"]
[SourceQuality "1"]

1. e4 d6 2. d4 Nf6 3. Nc3 g6 4. f4 Bg7 5. Nf3 0-0 6. Be3 c6 7. Bd3 Bg4 8. h3 Bxf3 9. Qxf3 e5 10. 0-0 Nxe4 11. Nxe4 d5 12. fxe5 dxe4 13. Qxe4 Qe7 14. Bc4 Nd7 15. Qg4 Nb6 16. Bb3 h6 17. Qxg6 Nd5 18. Bxd5 cxd5 19. Qh5 Qe6 20. Rf5 Qg6 21. Raf1 Qxh5 22. Rxh5 Kh7 23. Bxh6 Bxh6 24. Rf6 1-0